Star Trek: Voyager Episodes - Statistics

General Stats
  • This quiz has been taken 193 times
  • The average score is 113 of 168
Answer Stats
Episode Episode Name % Correct
1x01/02 Caretaker
100%
2x26 Basics, Part I
94%
3x01 Basics, Part II
94%
7x25/26 Endgame
94%
1x05 Phage
94%
2x01 The 37's
94%
4x08 Year of Hell
94%
4x09 Year of Hell, Part II
94%
4x24 Demon
88%
4x15 Hunters
88%
4x16 Prey
88%
3x26 Scorpion
88%
4x01 Scorpion, Part II
88%
6x26 Unimatrix Zero
88%
7x01 Unimatrix Zero, Part II
88%
5x12 Bride of Chaotica!
81%
1x13 Cathexis
81%
1x07 Eye of the Needle
81%
6x11 Fair Haven
81%
5x01 Night
81%
4x25 One
81%
1x03 Parallax
81%
4x07 Scientific Method
81%
1x06 The Cloud
81%
4x02 The Gift
81%
4x18 The Killing Game
81%
4x19 The Killing Game, Part II
81%
4x06 The Raven
81%
2x24 Tuvix
81%
6x13 Virtuoso
81%
7x16 Workforce
81%
7x17 Workforce, Part II
81%
7x20 Author, Author
75%
6x03 Barge of the Dead
75%
6x12 Blink of an Eye
75%
4x11 Concerning Flight
75%
2x18 Death Wish
75%
2x17 Dreadnought
75%
5x26 Equinox
75%
6x01 Equinox, Part II
75%
7x09/10 Flesh and Blood
75%
3x08 Future's End
75%
3x09 Future's End, Part II
75%
1x16 Learning Curve
75%
4x23 Living Witness
75%
4x12 Mortal Coil
75%
6x22 Muse
75%
5x05 Once Upon a Time
75%
6x10 Pathfinder
75%
3x22 Real Life
75%
4x21 The Omega Directive
75%
7x15 The Void
75%
6x04 Tinker Tenor Doctor Spy
75%
2x14 Alliances
69%
3x16 Blood Fever
69%
5x10 Counterpoint
69%
5x18 Course: Oblivion
69%
5x15/16 Dark Frontier
69%
4x03 Day of Honor
69%
3x23 Distant Origin
69%
5x02 Drone
69%
5x03 Extreme Risk
69%
3x02 Flashback
69%
7x21 Friendship One
69%
1x12 Heroes and Demons
69%
5x07 Infinite Regress
69%
5x04 In the Flesh
69%
1x15 Jetrel
69%
7x12 Lineage
69%
3x12 Macrocosm
69%
2x16 Meld
69%
6x14 Memorial
69%
4x14 Message in a Bottle
69%
4x04 Nemesis
69%
6x08 One Small Step
69%
2x09 Tattoo
69%
3x03 The Chute
69%
5x19 The Fight
69%
6x25 The Haunting of Deck Twelve
69%
3x11 The Q and the Grey
69%
2x23 The Thaw
69%
6x09 The Voyager Conspiracy
69%
5x20 Think Tank
69%
5x09 Thirty Days
69%
5x06 Timeless
69%
6x15 Tsunkatse
69%
5x23 11:59
63%
6x05 Alice
63%
6x18 Ashes to Ashes
63%
5x14 Bliss
63%
6x19 Child's Play
63%
6x16 Collective
63%
7x05 Critical Care
63%
7x03 Drive
63%
1x09 Emanations
63%
1x08 Ex Post Facto
63%
1x14 Faces
63%
3x13 Fair Trade
63%
3x05 False Profits
63%
6x23 Fury
63%
5x13 Gravity
63%
7x23 Homestead
63%
4x26 Hope and Fear
63%
7x02 Imperfection
63%
7x06 Inside Man
63%
5x21 Juggernaut
63%
6x24 Life Line
63%
6x21 Live Fast and Prosper
63%
7x22 Natural Law
63%
7x08 Nightingale
63%
1x10 Prime Factors
63%
2x03 Projections
63%
2x13 Prototype
63%
7x19 Q2
63%
4x10 Random Thoughts
63%
5x24 Relativity
63%
3x06 Remember
63%
7x24 Renaissance Man
63%
6x06 Riddles
63%
7x11 Shattered
63%
5x22 Someone to Watch Over Me
63%
6x17 Spirit Folk
63%
3x04 The Swarm
63%
2x06 Twisted
63%
3x17 Unity
63%
4x13 Waking Moments
63%
5x25 Warhead
63%
3x25 Worst Case Scenario
63%
3x14 Alter Ego
56%
3x21 Before and After
56%
7x07 Body and Soul
56%
3x15 Coda
56%
2x10 Cold Fire
56%
3x18 Darkling
56%
2x21 Deadlock
56%
2x22 Innocence
56%
2x19 Lifesigns
56%
5x08 Nothing Human
56%
7x14 Prophecy
56%
7x04 Repression
56%
2x12 Resistance
56%
4x17 Retrospect
56%
4x05 Revulsion
56%
3x19 Rise
56%
1x11 State of Flux
56%
6x02 Survival Instinct
56%
5x17 The Disease
56%
2x15 Threshold
56%
1x04 Time and Again
56%
4x22 Unforgettable
56%
4x20 Vis à Vis
56%
3x24 Displaced
50%
6x07 Dragon's Teeth
50%
2x04 Elogium
50%
3x20 Favorite Son
50%
2x02 Initiations
50%
5x11 Latent Image
50%
2x11 Maneuvers
50%
2x08 Persistence of Vision
50%
2x25 Resolutions
50%
3x07 Sacred Ground
50%
3x10 Warlord
50%
7x18 Human Error
44%
2x20 Investigations
44%
2x05 Non Sequitur
44%
7x13 Repentance
44%
2x07 Parturition
38%
6x20 Good Shepherd
31%
No matching quizzes found
Score Distribution
Percent of People with Each Score
Percentile by Number Answered
Your Score History
You have not taken this quiz